000
00267nam a2200109Ia 4500
008
200302s9999 xx 000 0 und d
100
_a
Sushil Kumar
245
_a
Building Construction
260
_b
Standard Publishers Distributors
260
_c
2001
300
_a
796 P.,
999
_c
1147
_d
1147